| 000 | 004530000a22001690004500 | ||
|---|---|---|---|
| 003 | LK-CoMWRAF | ||
| 008 | 230817t ||||| |||| 00| 0 eng d | ||
| 020 | _a0415224098 | ||
| 040 |
_aLK-CoMWRAF _dLK-CoMWRAF _eLK-CoMWRAF |
||
| 041 | _aeng | ||
| 082 |
_a410 _bPAL |
||
| 245 |
_aFifty Great Modern Thinkers on Education _bFrom Piaget to the Present |
||
| 260 |
_bRoutledge _aLondon _c2004 |
||
| 300 | _ap.290 | ||
| 700 |
_aPalmer,, Joy A. _eed. |
||
| 942 | _cBK | ||
| 999 |
_c790 _d790 |
||